La profecía : (Registro nro. 11471)
[ vista simple ]
| 000 -LIDER | |
|---|---|
| fixed length control field | 00815nam a22002537a 4500 |
| 001 - NÚMERO DE CONTROL | |
| Identificador de número de control | 000697 |
| 003 - IDENTIFICACDOR DE NÚMERO DE CONTROL | |
| control field | DO-SdBNP |
| 005 - DATE AND TIME OF LATEST TRANSACTION | |
| control field | 20221104085015.0 |
| 007 - CAMPOS FIJOS DE DESCRIPCIÓN FÍSICA | |
| fixed length control field | 000697 |
| 008 - ELEMENTOS DE LONGITUD FIJA | |
| fixed length control field | 151210b 2011 sp 00| 0 spa d |
| 020 ## - ISBN | |
| International Standard Book Number | 9788403101395 |
| 040 ## - FUENTE DE CATALOGACIÓN | |
| Agencia que crea de manera original el registro | BPMSU |
| Idioma de catalogación | spa |
| Agencia que realiza la transcripción | BPMSU |
| 082 #4 - NÚMERO DE CLASIFICACIÓN DECIMAL DE DEWEY | |
| Classification number | 133.3 |
| Item number | B171p 2011 |
| Edition number | 22 |
| 100 1# - ASIENTO PRINCIPAL -- NOMBRE PERSONAL | |
| Nombre personal | Balam, Yaxal |
| 245 13 - MENCIÓN DE TITULO | |
| Título | La profecía : |
| Subtítulo | el camino para conquistar la nueva era de la esperanza se encuentra en este libro / |
| Mención de responsabilidad | Yaxal Balam ; compilador José María Ferrer Cuñat |
| 260 ## - PUBLICACIÓN, DISTRIBUCIÓN, ETC. (PIE DE IMPRENTA) | |
| Lugar de publicación, distribución, etc | Madrid ; |
| Nombre del editor, distribuidor, etc. | Aguilar ; |
| -- | Santillana ediciones generales, |
| Fecha de publicación, distribución, etc | 2011. |
| 300 ## - DESCRIPCIÓN FÍSICA | |
| Extensión | 247 p.; |
| Dimensiones | 14 cm. |
| 590 ## - NOTA LOCAL | |
| Enlace | Inventariado, 2022/VM |
| 650 #4 - ENCABEZAMIENTO DE MATERIA--TEMÁTICO | |
| Fuente del encabezamiento o término | Profecías |
| 650 #4 - ENCABEZAMIENTO DE MATERIA--TEMÁTICO | |
| Fuente del encabezamiento o término | Predicciones |
| 700 12 - ASIENTO SECUNDARIO -- NOMBRE PERSONAL | |
| Nombre personal | Ferrer Cuñat, José María |
| Mención de responsabilidad | comp. |
| 910 ## - VALIDACIÓN | |
| Validación | YLOCKWARD/ VMateo V. /Validado |
| 942 ## - ADDED ENTRY ELEMENTS (KOHA) | |
| Source of classification or shelving scheme | Dewey Decimal Classification |
| Koha item type | Libros |
| Withdrawn status | Lost status | Source of classification or shelving scheme | Damaged status | Not for loan | Collection code | Home library | Current library | Date acquired | Source of acquisition | Full call number | Barcode | Date last seen | Price effective from | Koha item type | Copy number |
|---|---|---|---|---|---|---|---|---|---|---|---|---|---|---|---|
| Dewey Decimal Classification | Colección General | Biblioteca Pública Metropolitana Salomé Ureña | Biblioteca Pública Metropolitana Salomé Ureña | 09/21/2016 | Alfaguara | BPMSU CG 133.3 B171p 2011 | BPMSU16090444 | 09/21/2016 | 09/21/2016 | Libros | |||||
| Dewey Decimal Classification | Colección General | Biblioteca Pública Metropolitana Salomé Ureña | Biblioteca Pública Metropolitana Salomé Ureña | 09/21/2016 | Alfaguara | BPMSU CG 133.3 B171p 2011 | BPMSU16090445 | 09/21/2016 | 09/21/2016 | Libros | e.2 |